000 00528nam a2200193Ia 4500
005 20250508153703.0
008 008 250505s9999 xx 000 0 eng d
037 _aTextual
040 _aFEDL
_beng
_cFEDL
041 _aeng
_2eng
084 _a370.9, POL
_qFEDL
100 _aPollard Hugh M
_9760419
245 0 _aPioneers of popular education 1760-1850
260 _aLondon, UK
_bJohn Murray
_c1956
300 _axii,297p
650 _aEducation
942 _cTEXL
_h370.9, POL
999 _c1344773
_d1344773